000 00324nam a2200133Ia 4500
100 _aFranco/Sergio
942 _cBK
654 _aamplifiers
245 _aDesign with operational amplifiers and analog integrated circuits
260 _bMcGraw - Hill
_c2002
082 _a621.3815
_bFRA
300 _a658
546 _aENGLISH
999 _c20348
_d20348